000 00330nam a22001337a 4500
008 190129b xxu||||| |||| 00| 0 eng d
020 _a9780805810639
041 _aeng
080 _a311
100 _a55
101 _aSTA
245 _aMeasurement, Design, and Analysis: An Integrated Approach
_cPedhazur,E.J
942 _2udc
_cBK
999 _c53848
_d53848